Informační zprávy o světové technice. 1968, č. 27-52 + rejstřík
| Médium: | Kniha |
|---|---|
| Jazyk: | neznámy jazyk |
| Vydavateľské údaje: |
Praha
UVTEI
1970
|
MARC
| LEADER | 00000nam a2200000 a 4500 | ||
|---|---|---|---|
| 001 | vtls001222610 | ||
| 003 | SK-MaSNL | ||
| 005 | 20260224062240.0 | ||
| 008 | 210928s1970 xx 0 und | ||
| 020 | |c [75,00] | ||
| 035 | |a SNK000168286 | ||
| 040 | |a SNK |b slo |c SNK |e AACR2 | ||
| 245 | 1 | |a Informační zprávy o světové technice. 1968, č. 27-52 + rejstřík | |
| 260 | |a Praha |b UVTEI |c 1970 | ||
| 958 | |a OND | ||
| 999 | |c 883530 |d 885460 | ||
| 952 | |t P60, <04>, [BOOK], {604} |a SNK |b SNK |y VYP |7 0 |p 17A0013674 |o snkČD 826/1968.2 |i snkD 1078/96 |0 0 |1 1 |4 0 |d 1996-10-16 |l 0 |r 2005-01-01 00:00:00 |w 2026-02-24 | ||


